000 00564nam a2200169 a 4500
001 BRCA_2233
005 20190320203726.0
008 891220c1992----mx-a---###---#000-0#spa-d
040 _aFPeU
_cFPeU
_dDLC
050 4 _aNA753
_b.C83 1992
245 1 0 _aCuadernos de arquitectura virreinal
_bCiudad de México.
260 _a[México]
_bUNAM, Facultad de Arquitectura
_c1992
300 _a160 p.
_bil.
_c28 cm.
650 1 4 _aArquitectura
_vPublicaciones seriadas.
_zMéxico
_96717
650 1 4 _aArquitectura colonial
_vPublicaciones seriadas.
_zMéxico
_96718
942 _2lcc
_cB
999 _c1985
_d1985